Familienbeziehungen der Rosenberger zu österreichischen Adelsfamilien

Titel: Familienbeziehungen der Rosenberger zu österreichischen Adelsfamilien
Verfasser:
In: Kontakte und Konflikte, (1993), Seite 121-124
alle Artikel anzeigen
Veröffentlicht: 1993
Format: Aufsatz
Sprache: Deutsch
Kein Bild verfügbar
X
alg: 39222262
001A    $01999:11-11-16 
001B    $01999:16-05-21 $t20:25:24.000 
001D    $01999:11-11-16 
001U    $0utf8 
001X    $00 
002@    $0Aox 
003@    $0392222620 
007A    $0392222620 $aHEB 
007T    $0Herdc0042769m 
010@    $ager 
011@    $a1993 
021A    $aFamilienbeziehungen der Rosenberger zu österreichischen Adelsfamilien 
028A    $aKubíková $dAnna 
031A    $h121-124 $j1993 
039B    $aIn $8--Aauc--. @Kontakte und Konflikte. - Horn {[u.a.] : Waldviertler Heimatbund, 1993. - 553 S.. - Ill., graph. Darst., Kt.. - ISBN 3-900708-10-X $x199300000000000879 $9027138232 
045F    $a929.094371 $eDDC23BSB 
045F/01 $a929 
045F/03 $g4371 

lok: 39222262 78

exp: 39222262 78 1 #EPN
201B/01 $021-02-19 $t22:41:57.000 
201U/01 $0utf8 
203@/01 $0788318888 
208@/01 $a11-11-16 $be 
209A/01 $a/ $f000 $x00 
220C/01 $aTitelaufnehmer: nk;an 
220C/01 $aHerkunft: HI Marburg 
244Z/01 $#Tschechien $#Tschechische Republik $#Tschechische Republik $#Tschechenland $#Tschechei Tschechien $#Česká Republika $#Czech Republic $#ČR $74303381-7 $8--Tg1--Tschechien $x01 $9086659812 
244Z/01 $2Trx $#Böhmen $#Bohemia $#Czechy $8--Trx--Čechy $x02 $9391188941 
244Z/01 $aGeschichte 1250-1562 $x03 
244Z/01 $#Rožmberka  $#Rožmberkové  $#Rožmberk  $7118973339 $8--Tp1--$PRosenberg$cvon$lFamilie : 1200-1611 : Böhmen $x04 $9087313642 
244Z/01 $2Trx $#perekonnad ja sugupõlved $#giminės ir šeimos $#Families and Noble Houses $#családok és nemek $#rody i rodziny $#rodiny a rody $#rodiny a rody $#Geschlechter $#Noble Houses $#rody $#rody $#rody $8--Trx--Familien und Geschlechter $x05 $9391371916 
244Z/01 $2Trx $#aadel Austria $#gentry Austria $#nemesség Ausztria $#szlachta Austria $#šľachta Rakúsko $#šlechta Rakousko $8--Trx--Adel$gÖsterreich $x06 $939135678X 
244Z/01 $2Trx $#aadel Böömimaa $#Čekijos bajorai $#gentry Bohemia $#nemesség Bohémia $#szlachta Czechy $#šľachta Čechy $#šlechta Čechy $8--Trx--Adel$gBöhmen $x07 $9391368141 
244Z/01 $2Trx $8--Trx--Einzelbeiträge $x08 $9391384570 
245Z/01 $a12.02 $x01 
247C/01 $82080>Marburg/Lahn, Herder-Institut, Forschungsbibliothek, Bibliographieportal $9336309341
LEADER 00000caa a22000002c 4500
001 392222620
003 DE-603
005 20210516202524.0
007 tu
008 161111s1993 xx |||| | u00||u|ger c
035 |a (DE-599)HEB392222620 
040 |a DE-603  |b ger  |c DE-603  |d DE-603 
041 |a ger 
082 0 4 |8 1\u  |a 929.094371  |q DE-101  |2 23/BSB 
085 |8 1\u  |b 929 
085 |8 1\u  |z 2  |s 4371 
100 1 |a Kubíková, Anna 
245 0 0 |a Familienbeziehungen der Rosenberger zu österreichischen Adelsfamilien 
264 0 |c 1993 
773 0 8 |i In  |t Kontakte und Konflikte  |d Horn ˜[u.a.] œ: Waldviertler Heimatbund, 1993  |h 553 S., Ill., graph. Darst., Kt.  |z 390070810X  |g (1993), Seite 121-124  |w (DE-603)027138232 
924 0 |9 2080  |a (DE-603)788318888  |b DE-2080  |c HES  |d d  |g /